| 000 | 00472nam a22001817a 4500 | ||
|---|---|---|---|
| 003 | MPLRDC | ||
| 005 | 20220104114733.0 | ||
| 008 | 210129b ||||| |||| 00| 0 eng d | ||
| 082 | _a889 HGCS v.107 c.3 | ||
| 100 | _aHEINZ KONSALIK | ||
| 245 |
_a沙漠医生 _c张雪樱译 |
||
| 250 | _a第一版 | ||
| 260 |
_a _b皇冠出版社 _c1982 |
||
| 300 | _b平 | ||
| 490 | _a当代名著精选. 107 | ||
| 650 | _a西洋小说之中文翻译 | ||
| 942 |
_cBK _o889 HGCS v.107 c.3 |
||
| 999 |
_c9833 _d9823 |
||